Szczegóły MARC21

Road atlas of the British Isles.

001 -Numer Kontrolny Rekordu [,]
    • @
    • pole kontrolne
    • xx002969694
003 -Nazwa instytucji, której n kontrolny jest w polu 001 [,]
    • @
    • Nazwa instytucji, której n kontrolny jest w polu 001
    • NUKAT
005 -DATA I CZAS OSTATNIEJ MODYFIKACJI [,]
    • @
    • pole kontrolne
    • 20250828203805.0
007 -Forma fizyczna dok. kartograficznego/obrazu teledetekcyjnego [,]
    • @
    • Dane kontrolne - forma fizyczna
    • ad can|n
008 -ELEMENTY DANYCH STAŁEJ DŁUGOŚCI [,]
    • @
    • pole kontrolne
    • 131126s1994 xxkg e | 1 eng c
020 -Międzynarodowy znormalizowany numer książki - ISBN [ , ]
    • a
    • Numer ISBN
    • 0749508949 Find
034 -Zakodowane dane matematyczne [1, ]
    • a
    • Kod miary skali
    • a
    • b
    • Skala pozioma
    • 200000
040 -Instytucja sporządzająca opis [ , ]
    • a
    • Instytucja, która sporządziła opis (NP)
    • GD U/AJU
    • c
    • Instytucja, która sporządziła rekord (NP)
    • GD U/AJU
942 -Rodzaj dokumentu [ , ]
    • c
    • Rodzaj dokumentu
    • Kartografia-mapy,atlasy
245 -Strefa tytułu i oznaczenia odpowiedzialności [0,0]
    • a
    • Tytuł
    • Road atlas of the British Isles. Find
246 -Wariant tytułu [3, ]
    • a
    • Tytuł (NP)
    • AA Road atlas of the British Isles Find
250 -Strefa wydania [ , ]
    • a
    • Oznaczenie wydania (NP)
    • 5th ed.
255 -Strefa danych matematycznych [ , ]
    • a
    • Strefa danych matematycznych
    • Skala 1:200 000.
260 -Strefa adresu wydawniczego [ , ]
    • a
    • Miejsce wydania (P)
    • Basingstoke :
    • b
    • Nazwa wydawcy (P)
    • Automobile Association,
    • c
    • Data wydania (P)
    • 1994.
300 -Strefa opisu fizycznego [ , ]
    • a
    • Określenie formy książki i/lub objętość (NP)
    • 1 atlas (48 s., XXVI s., 310 s.) :
    • b
    • Oznaczenie ilustracji (NP)
    • mapy kolor., fot. kolor. ;
    • c
    • Format (NP)
    • 31 cm.
336 -Typ zawartości [ , ]
    • a
    • Termin opisujący typ zawartości
    • Mapa 2D
    • b
    • Kod określający zawartość
    • cri
    • 2
    • Źródło
    • rdacontent
337 -Typ medium [ , ]
    • a
    • Tryb odtwarzania
    • Bez urządzenia pośredniczącego
    • b
    • Kod typu mediów
    • n
    • 2
    • Źródło (termin i kod)
    • rdamedia
338 -Typ nośnika [ , ]
    • a
    • Termin określający typ nośnika
    • Wolumin
    • b
    • Kod określający typ nośnika
    • nb
    • 2
    • Źródło (termin i kod)
    • rdacarrier
500 -Uwaga ogólna [ , ]
    • a
    • Uwaga ogólna (NP)
    • Zawiera również plany miast.
500 -Uwaga ogólna [ , ]
    • a
    • Uwaga ogólna (NP)
    • Rzeźba przedstawiona punktami wysokościowymi.
504 -Uwaga dot. bibliografii załącznikowej [ , ]
    • a
    • Uwaga dot. bibliografii załącznikowej
    • Indeks nazw miejscowych, spis ulic Londynu.
651 -Hasło przedmiotowe w formie nazwy geograficznej [ ,7]
    • a
    • Nazwa geograficzna
    • Wielka Brytania
    • v
    • Określnik formalny
    • mapy.
    • 2
    • Źródło terminu
    • kaba
    • 9
    • KHW
    • 546535
651 -Hasło przedmiotowe w formie nazwy geograficznej [ ,7]
    • a
    • Nazwa geograficzna
    • Irlandia
    • v
    • Określnik formalny
    • mapy.
    • 2
    • Źródło terminu
    • kaba
    • 9
    • KHW
    • 445774
655 -Hasło przedmiotowe - forma [ ,7]
    • a
    • Hasło - forma
    • Atlasy dróg
    • y
    • Określnik chronologiczny
    • 1990-.
    • 2
    • Źródło terminu
    • kaba
    • 9
    • KHW
    • 373690
710 -Hasło dodatkowe - nazwa ciała zbiorowego [2, ]
    • a
    • Nazwa ciała zbiorowego lub nazwa geograficzna jako pierwszy element (NP)
    • Automobile Association.
    • 4
    • Kod relacji
    • pbl
    • 9
    • KHW
    • 546373
920 -ISBN [ , ]
    • a
    • ISBN
    • 0-7495-0894-9 Find
Uwagi nie widoczne w OPAC Kierowanie Numer inwentarzowy Cena Status udost. Akcesja Data wprowadzenia opisu Sygnatura Kod kreskowy
R079012996BMBC.2197.201 2017-07-03ANG. Atlasy 052005200002197